3 Times Table Game - Statistics

General Stats
  • This quiz has been taken 2,500 times
    2,152 since last reset
  • The average score is 12 of 12
Answer Stats
Problem Answer % Correct
3 x 1 3
99%
3 x 2 6
99%
3 x 3 9
99%
3 x 4 12
98%
3 x 5 15
98%
3 x 6 18
97%
3 x 7 21
97%
3 x 8 24
97%
3 x 9 27
97%
3 x 10 30
97%
3 x 11 33
97%
3 x 12 36
96%
No matching quizzes found
Score Distribution
Percent of People with Each Score
Percentile by Number Answered
Your Score History
You have not taken this quiz since the last reset